Basic addition - Statistics

General Stats
  • This quiz has been taken 204 times
  • The average score is 15 of 15
Answer Stats
Hint Answer % Correct
3+2 5
100%
0+1 1
99%
5+5 10
99%
50+50 100
99%
1+1 2
99%
9+9 18
97%
10+10 20
97%
4+3 7
97%
7+6 13
96%
7+8 15
96%
8+8 16
96%
9+10 19
96%
12+12 24
96%
2+2 4
96%
3+3 6
95%
No matching quizzes found
Score Distribution
Percent of People with Each Score
Percentile by Number Answered
Your Score History
You have not taken this quiz